| 000 | 00548nam a2200193Ia 4500 | ||
|---|---|---|---|
| 003 | IN-BaIIA | ||
| 008 | 211028s9999 xx 000 0 eng d | ||
| 020 | _a0-442-05939-6 | ||
| 040 | _cIIA Library | ||
| 080 |
_a772 _bNEB |
||
| 100 |
_aNeblette, C. B. _92070 |
||
| 245 | 0 |
_aPhotography its materials and processes _cC. B. Neblette |
|
| 250 | _a6th ed. | ||
| 260 |
_aNew York _bVan Nostrand Reinhold _c1962 |
||
| 300 | _avi, 506p. | ||
| 650 | _aNASA Thesaurus | ||
| 650 | _aPhotography | ||
| 942 | _cBK | ||
| 999 |
_c5430 _d5430 |
||